Communicative English (Record no. 1739)

MARC details
000 -LEADER
Fixed length control field 00500nam a2200193Ia 4500
003 - CONTROL NUMBER IDENTIFIER
Control field IIN
005 - DATE AND TIME OF LATEST TRANSACTION
Control field 20251127130015.0
008 - FIXED-LENGTH DATA ELEMENTS--GENERAL INFORMATION
Fixed length control field 250408s9999 xx 000 0 und d
020 ## - INTERNATIONAL STANDARD BOOK NUMBER / ISBN
Price Rs.550.00
International Standard Book Number 9789390619269
040 ## - CATALOGING SOURCE
Original cataloging agency IIN
Language of cataloging English
082 ## - DEWEY DECIMAL CLASSIFICATION NUMBER
Classification number 428.0071
Book Number SHA
100 1# - MAIN ENTRY--PERSONAL NAME
Personal name Sharma, Liza
245 1# - TITLE STATEMENT
Title Communicative English
Sub title for Nurses
Statement of responsibility by Liza Sharma
250 ## - EDITION STATEMENT
Edition statement 3rd ed
260 ## - IMPRINT
Name of publisher CBS
Place of publication New Delhi
Date of publication 2022
300 ## - PHYSICAL DESCRIPTION
Page / Vol. No xxv, 506 p.
Other physical details col. ill.
650 1# - SUBJECT ADDED ENTRY--TOPICAL TERM
Topical term English
Form subdivision Nurses
942 ## - ADDED ENTRY ELEMENTS (KOHA)
Koha item type Books
Holdings
Withdrawn status Lost status Source of classification Damaged status Not for loan Collection code Home library Current library Shelving location Date acquired Total Checkouts Call number Accession number Date last seen Price effective from Koha item type
    Dewey Decimal Classification     Purches Book IDEAL INSTITUTE OF NURSING IDEAL INSTITUTE OF NURSING General Stacks 08/04/2025   428.0071 SHA 1871 08/04/2025 08/04/2025 Books
© Ideal Institute Of Nursing, All rights reserved.         Powered by Koha